Indiana - Statistics

Estatísticas Gerais
  • Esse quiz foi jogado 3 vezes
  • A pontuação média é 3 de 12
Estatísticas das Respostas
Imagem Resposta % Correto
Indianápolis
67%
Indianapolis Motor Speedway
67%
Indianapolis Zoo
67%
The Children's Museum of Indianapolis
67%
Calcário
33%
Brown County State Park
0%
Conner Prairie
0%
Eiteljorg Museum
0%
Holiday World & Splashin' Safari
0%
Indiana Dunes National Park
0%
Newfields
0%
Rio Wabash
0%
Nenhum quiz correspondente encontrado
Distribuição das Pontuações
Porcentagem de Pessoas com Cada Pontuação
Percentil de Números Respondidos
Sua Pontuação Histórica
Você não jogou esse quiz